000 00349nam a2200145Ia 4500
008 150301s2013 xx 000 0 und d
082 _a616.96
_bM13P
100 _aPANIKAR, C.K. JAYARAM
245 _aTB. OF MEDICAL PARASITOLOGY
250 _a7TH
260 _bJAYPEE
_aDELHI
_c2013
300 _a266
650 _aMICROBIOLOGY
942 _2ddc
_cBK
_02
999 _c6570
_d6570